Normal view
MARC view
Entry Personal Name
001 - CONTROL NUMBER
- control field: 47925
003 - CONTROL NUMBER IDENTIFIER
- control field: OSt
005 - DATE AND TIME OF LATEST TRANSACTION
- control field: 20160320164500.0
008 - FIXED-LENGTH DATA ELEMENTS
- fixed length control field: 160320|| aca||aabn | a|a d
040 ## - CATALOGING SOURCE
- Original cataloging agency: OSt
- Transcribing agency: OSt
100 ## - HEADING--PERSONAL NAME
- Personal name: डॉ उन्मेष मिश्र
670 ## - SOURCE DATA FOUND
- Source citation: Work cat.: (OSt)45200: डॉ उन्मेष मिश्र , दूरदर्श का स्वरूप एवं हिन्दी प्रस्तुतीकरण , 2009









